Регионална библиотека "Любен Каравелов" - Русе

Цветя в стаята (Запис номер 174747)

MARC детайли
000 -Лидер
Контролно поле с фиксирана дължина 01317nam a2200325 c 4500
003 - Код на организацията, давaща контролен номер
Контролно поле BLK
005 - Дата и час на последна редакция
Контролно поле 20200610094700.0
008 - Елементи от данни с фиксирана дължина
fixed length control field 180411b bul|||||r ||||||| ||bul||
010 ## - Наследен системен номер
LC control number KNG00183249000
040 ## - Източник на каталожния запис
Идентификатор на билиотеката - собственик на записа BLK
041 ## - Код за език
Код за езика на текст/звукозапис или на отделно заглавие Български
Код за езика КДБФ Български
080 ## - УДК
Текстов определител УДК Стайно цветарство. Вж и 745.9
УДК код - определител по УДК 635.91
УДК определител (035)
УДК - код + определител 635.91(035)
100 1# - Редна дума - Автор
Автор Юхимчук, Данаил Ф.
Авторска отговорност първи автор
R(LIN) 339856
139 ## - Редно поле
Редна дума Юхимчук, Данаил Ф.
Авторски знак Юх - Ю 38
245 10 - Сведения за заглавието
Заглавие Цветя в стаята
Подзаглавни данни Ръководство
Редно поле (дума) Данаил Ф. Юхимчук; прев. от рус. Маргарита Ст. Динова.
257 ## - Страна на издаване
Страна на създаване/издаване СССР
260 ## - Област на издателските данни
Име на издателя, разпространителя и проч. Земиздат
Година на издаване 1983
Място на издаване, разпространение и проч. София
300 ## - Физическа характеристика
Страници 176 с., 16 л.
Илюстрации и др. цв. ил.
Размери/Мащаб 21 см
380 ## - Жанр
Жанр Селско стопанство
500 ## - Общи забележки
Забележка Ориг. загл. Комнотное цветоводство. - 26 125 тир. - Азб. показалец.
650 #4 - Допълнително описание по предмет – тема
Основно описание – тема или топоним Цветарство - наръчници и ръководства
9 (RLIN) 242105
653 ## - Ключова дума – ненормативна
Ключова дума цветарство
653 ## - Ключова дума – ненормативна
Ключова дума ръководства
700 1# - Други автори (авторска отговорност)
Лично име Динова, Маргарита Ст.
Автороска отговорност (Описва отношението между автора и произведението) прев. от рус.
9 (RLIN) 383164
852 ## - Местоположение
Форматна сигнатура Цб 122394
856 4# - Електронен адрес и достъп
Електронен формат pdf - файл
856 4# - Електронен адрес и достъп
Електронен формат pdf - файл
999 ## - СИСТЕМНИ КОНТРОЛНИ НОМЕРА
Koha biblionumber 174747
Koha biblioitemnumber 174747
942 ## - АРТИКУЛИ
Вид на библиотечния материал Книги
Скрит в OPAC Не
Периодичен библиозапис Да
944 ## - СЪЗДАВАНЕ И РЕДАКЦИЯ на ЗАПИСА
Създаване/Редакция Създаване
Дата на регистрацията/редакция 06.10.2015
Служител, извършил регистрацията/редакцията Камелия_Данева
944 ## - СЪЗДАВАНЕ И РЕДАКЦИЯ на ЗАПИСА
Създаване/Редакция Редакция
Дата на регистрацията/редакция 06.10.2015
Служител, извършил регистрацията/редакцията Камелия_Данева
999 ## - СИСТЕМНИ КОНТРОЛНИ НОМЕРА
Koha biblioitemnumber 174747
Наличности
Код за отписване Код за изгубен артикул Източник на класификационната схема Код за повреда Коз за рестрикции Код за отдаване Артикулен № Име на библиотеката - собственик Име на библиотеката, в която се намира в момента Статус (Текущо местоположение) Дата на вписване в системата Местоположение - отдел Цена в лева Инвентарен номер Систематично азбучна сигнатура Баркод Номер на екземпляра Цена в евро Служебна бележка Служебен тип на артикула
  Не е изгубен Universal Decimal Classification Не е повреден без рестрикции ползва се в читалня 300492 Регионална библиотека "Любен Каравелов" Русе Регионална библиотека "Любен Каравелов" Русе Хранилище 1983-01-01 Хранилище 1.53 380881 Цб 122394 900000017882 1 0.78 Дост: Dp Вид: Д N: стар фонд Дата: 01.01.1983 Книги
Изтеглен Не е изгубен Universal Decimal Classification Не е повреден без рестрикции заемане за дома 300493 Регионална библиотека "Любен Каравелов" Русе Регионална библиотека "Любен Каравелов" Русе Заемна - подръчен фонд 1983-01-01 Заемна - подръчен фонд 1.53 380176 П 635.9/Ю 38 380176 2 0.78 N: стар фонд Дата: 01.01.1983 Книги
Изтеглен Не е изгубен Universal Decimal Classification Не е повреден без рестрикции заемане за дома 300494 Регионална библиотека "Любен Каравелов" Русе Регионална библиотека "Любен Каравелов" Русе Заемна - подръчен фонд 1983-01-01 Заемна - подръчен фонд 1.53 380177 П 635.9/Ю 38 380177 3 0.78 N: стар фонд Дата: 01.01.1983 Книги
Изтеглен Не е изгубен Universal Decimal Classification Не е повреден без рестрикции заемане за дома 300495 Регионална библиотека "Любен Каравелов" Русе Регионална библиотека "Любен Каравелов" Русе Заемна - подръчен фонд 1983-01-01 Заемна - подръчен фонд 1.53 380178 П 635.9/Ю 38 380178 4 0.78 N: стар фонд Дата: 01.01.1983 Книги
Изтеглен Не е изгубен Universal Decimal Classification Не е повреден без рестрикции заемане за дома 300496 Регионална библиотека "Любен Каравелов" Русе Регионална библиотека "Любен Каравелов" Русе Детски отдел 1983-01-01 Детски отдел 1.53 380442 ДН 633/635/Ю 38 380442 5 0.78 N: стар фонд Дата: 01.01.1983 Дата инв: 08.10.2015 Бележки инв: Д2015 Книги
Vip Innovations Ltd, Rousse, Bulgaria 2025